Perspectivas educacionales

Guardat en:
Dades bibliogràfiques
Autor corporatiu: Universidad Metropolitana de Ciencias de la Educación (Autor), Facultad de Filosofía y Educación (Autor)
Format: Llibre
Idioma:espanyol
Publicat: Santiago Lom 2008
Edició:1a. ed
Matèries:
Etiquetes: Afegir etiqueta
Sense etiquetes, Sigues el primer a etiquetar aquest registre!

MARC

LEADER 00000cam a2200000 a 4500
001 UCD2869
003 CL-VaPUC
008 160512e20080000cl |||||||||||||||||spa|d
082 0 4 |a 370.1  |b UNI  |2 21 
110 2 |a Universidad Metropolitana de Ciencias de la Educación  |e author  |9 586249 
710 2 |a Facultad de Filosofía y Educación  |e author  |9 586250 
245 1 0 |a Perspectivas educacionales 
250 |a 1a. ed 
300 |a 126 p 
942 |c BK 
945 |d 20160512 21:36:00  |a arojas 
260 |a Santiago  |b Lom  |c 2008 
650 0 |a Filosofía de la educación   |9 258384 
650 0 |a Teoría de la educación   |9 309368 
583 |a last modification  |c 20160512 21:36:00  |k Rodrigo Vera 
999 |c 363980  |d 363978 
952 |0 0  |1 0  |3 erb  |4 0  |6 370_100000000000000_UNI_2008  |7 0  |8 A  |9 476869  |a BIBGIM  |b BIBGIM  |i 5286913  |o 370.1 UNI 2008  |p 5286913  |r 2025-01-15  |w 2019-11-24  |y BK  |z Catalogado en:20160512  |k SSL